| 000 | 00593 a2200157 4500 | ||
|---|---|---|---|
| 003 | NUST | ||
| 005 | 20230202132310.0 | ||
| 040 | _cNust | ||
| 082 | _a954,SAR | ||
| 245 |
_aSAARC in The New Millennium / _cEdited by Dr S.M. Raman |
||
| 260 |
_aGermany _bHanns Seidel Foundatio _c2001 |
||
| 300 | _a222:p. | ||
| 505 | _aIntroduction (Page-1), Economic Dimension of Regional Cooperation (Page-33), Regional and Extra Regional Cooperation (Page-73), Security and Regional Stability (Page-141), Appendices (Page-207). | ||
| 650 |
_aSAARC The New Millennium _9108503 |
||
| 942 |
_2ddc _cBK _k954,SAR |
||
| 999 |
_c187477 _d187477 |
||